| 000 | 00605nam a2200169 a 4500 | ||
|---|---|---|---|
| 001 | 4140 | ||
| 005 | 20140414131934.0 | ||
| 008 | 090218s19uu xx 00 eng d | ||
| 050 |
_aREF 577.68 _bB38 2005 |
||
| 100 | _aBeatty, Richard | ||
| 245 |
_aWetlands. / _cRichard Beatty. |
||
| 260 |
_aAustin, TX : _bRaintree Steck-Vaughn, _cc2002. |
||
| 440 | _aBiomes atlases | ||
| 520 | _aA comprehensive look at the wetlands biome, examining its climate, plants, animals, people, and future, plus detailed views of some famous or important wetlands locations. | ||
| 650 | _aWetland ecology. | ||
| 999 |
_c112366 _d112366 |
||